00633nam a2200169Ia 4500008004100000020001800041041001200059082001100071100001800082245008600100260004800186300000800234650001200242942000700254999001700261952018500278221030s9999 xx 000 0 und d a9781422171721 aEnglish a105.23 aS. D. Anthony 4aThe Little Black Book of Innovation - How it Works How to do Itcby S. D. Anthony bHarvard Business Review PressaBostonc2012 a283 aGeneral cBK c11014d11014 pBE 12669l1o105.23 q2026-01-30r2023-04-07 00:00:00s2023-04-07w2022-10-30yBK003Print4070aMIETLIBbMIETLIBcBL-Academic Block C, FL-2, CUP-21, SH-1, R-1d2012-05-3010HBE